[Event "Mazowiec-chT 1112"]
[Site "Poland"]
[Date "2012.02.05"]
[Round "5.7"]
[White "Malec, Sebastian"]
[Black "Szymanski, Andrzej"]
[Result "0-1"]
[WhiteElo "2143"]
[BlackElo "2201"]
[PlyCount "80"]
[EventDate "2012.01.08"]
[EventType "team-tourn"]
[EventRounds "10"]
[EventCountry "POL"]
[SourceTitle "EXT 2019"]
[Source "ChessBase"]
[SourceDate "2018.10.10"]
[SourceVersion "1"]
[SourceVersionDate "2018.10.10"]
[SourceQuality "1"]

1. e4 c5 2. Nf3 Nc6 3. d4 cxd4 4. Nxd4 e5 5. Nb5 d6 6. N5a3 Be7 7. Nc3 Nf6 8. Bg5 0-0 9. Bxf6 Bxf6 10. Nc4 Nd4 11. Nd5 Be6 12. c3 Bxd5 13. exd5 Nf5 14. Bd3 e4 15. Bxe4 Re8 16. f3 b5 17. 0-0 bxc4 18. Bxf5 g6 19. Bg4 h5 20. Bh3 Qb6+ 21. Rf2 Re3 22. Bd7 a5 23. Bc6 Ra7 24. Kf1 a4 25. Qc2 a3 26. Rb1 Rae7 27. g3 h4 28. Kg2 Qc5 29. b4 Qb6 30. gxh4 Bxh4 31. Rd2 Be1 32. Rxe1 Rxe1 33. Rf2 Qe3 34. f4 Rc1 35. Qd2 Qe4+ 36. Kh3 Qf5+ 37. Kg3 Rg1+ 38. Rg2 Rxg2+ 39. Kxg2 Qg4+ 40. Kf2 Re4 0-1

[Event "POL-chT 2nd League"]
[Site "Wysowa"]
[Date "2007.09.08"]
[Round "5"]
[White "Napierala, Krzysztof"]
[Black "Szymanski, Andrzej"]
[Result "0-1"]
[WhiteElo "1943"]
[BlackElo "2202"]
[PlyCount "54"]
[EventDate "2007.09.03"]
[EventType "team-swiss"]
[EventRounds "9"]
[EventCountry "POL"]
[SourceTitle "EXT 2010"]
[Source "ChessBase"]
[SourceDate "2010.11.25"]
[SourceVersion "1"]
[SourceVersionDate "2010.11.25"]
[SourceQuality "1"]
[WhiteTeam "Poznan Komandoria"]
[BlackTeam "Zielonka Zieloni"]
[WhiteTeamCountry "POL"]
[BlackTeamCountry "POL"]

1. d4 Nf6 2. Nf3 e6 3. c4 c5 4. e3 cxd4 5. exd4 d5 6. Nc3 Nc6 7. cxd5 Nxd5 8. a3 Be7 9. Bd3 0-0 10. 0-0 Nxc3 11. bxc3 Bf6 12. Be3 b6 13. Qe2 Bb7 14. Rfd1 Rc8 15. Qd2 Na5 16. Qc2 h6 17. Nd2 Qc7 18. Rdc1 Rfd8 19. Qd1 Kf8 20. Qh5 Qd7 21. Ne4 Bxe4 22. Bxe4 Nb3 23. Rab1 Nxc1 24. Rxc1 Qa4 25. Qf3 Qxa3 26. Bd2 Rxd4 27. Bf4 Rxc3 0-1

[Event "Rewal op-A 12th"]
[Site "Rewal"]
[Date "2007.08.28"]
[Round "8"]
[White "Szymanski, Andrzej"]
[Black "Gola, Karol"]
[Result "1/2-1/2"]
[WhiteElo "2251"]
[BlackElo "2141"]
[PlyCount "62"]
[EventDate "2007.08.20"]
[EventType "swiss"]
[EventRounds "9"]
[EventCountry "POL"]
[SourceTitle "CBM 120 Extra"]
[Source "ChessBase"]
[SourceDate "2007.11.01"]
[SourceVersion "1"]
[SourceVersionDate "2007.11.01"]
[SourceQuality "1"]

1. d4 d5 2. c4 dxc4 3. e3 e5 4. Bxc4 exd4 5. exd4 Bb4+ 6. Nc3 Nf6 7. Nf3 0-0 8. 0-0 Bg4 9. a3 Be7 10. h3 Bf5 11. Re1 Nbd7 12. Qe2 Nb6 13. Bb3 Bd6 14. Bg5 h6 15. Bh4 c6 16. Ne5 Rc8 17. Qf3 Bh7 18. Ng4 Nbd7 19. Re2 Qb6 20. Bxf6 Qxb3 21. Bh4 Nb6 22. Nxh6+ gxh6 23. Qf6 Rfd8 24. Re3 Bf8 25. Rg3+ Bg6 26. Ne4 Qxb2 27. Rxg6+ fxg6 28. Qxg6+ Bg7 29. Nf6+ Kf8 30. Nh7+ Kg8 31. Nf6+ Kf8 1/2-1/2

[Event "Mazowieckie-chT 0506"]
[Site "Poland"]
[Date "2006.01.08"]
[Round "7"]
[White "Kosiorek, Marek"]
[Black "Szymanski, Andrzej"]
[Result "1-0"]
[WhiteElo "2390"]
[BlackElo "2217"]
[PlyCount "75"]
[EventDate "2005.10.09"]
[EventType "team-tourn"]
[EventRounds "9"]
[EventCountry "POL"]
[SourceTitle "EXT 2019"]
[Source "ChessBase"]
[SourceDate "2018.10.10"]
[SourceVersion "1"]
[SourceVersionDate "2018.10.10"]
[SourceQuality "1"]

1. d4 Nf6 2. c4 e6 3. Nc3 c5 4. d5 exd5 5. cxd5 d6 6. Nf3 g6 7. e4 Bg7 8. Nd2 0-0 9. Be2 Na6 10. 0-0 Nc7 11. Kh1 Rb8 12. a4 b6 13. Nc4 Ba6 14. Bg5 h6 15. Bh4 Re8 16. f3 Qd7 17. Rb1 Bxc4 18. Bxc4 a6 19. b4 b5 20. axb5 axb5 21. Be2 Ng4 22. Qd2 Ne5 23. f4 cxb4 24. Rxb4 Ng4 25. h3 Nf6 26. Rfb1 Nh5 27. Bg4 f5 28. exf5 Qf7 29. fxg6 Qxg6 30. f5 Qf7 31. Bxh5 Qxh5 32. f6 Bf8 33. Rg4+ Kh8 34. f7 Qxf7 35. Qd4+ Re5 36. Ne4 Ne8 37. Bg3 Bg7 38. Nxd6 1-0

[Event "Mazowieckie-chT 0506"]
[Site "Poland"]
[Date "2005.10.23"]
[Round "2"]
[White "Przedmojski, Rafal"]
[Black "Szymanski, Andrzej"]
[Result "1/2-1/2"]
[WhiteElo "2382"]
[BlackElo "2217"]
[PlyCount "64"]
[EventDate "2005.10.09"]
[EventType "team-tourn"]
[EventRounds "9"]
[EventCountry "POL"]
[SourceTitle "EXT 2019"]
[Source "ChessBase"]
[SourceDate "2018.10.10"]
[SourceVersion "1"]
[SourceVersionDate "2018.10.10"]
[SourceQuality "1"]

1. e4 e5 2. f4 exf4 3. Bc4 Nf6 4. Nc3 c6 5. d4 Bb4 6. e5 Ne4 7. Qh5 d5 8. exd6 0-0 9. Nge2 Nd7 10. Bxf4 Ndf6 11. Qh4 Nxd6 12. Bxd6 Bxd6 13. 0-0 Re8 14. Nf4 Bxf4 15. Rxf4 Be6 16. Bd3 h6 17. Raf1 Nd5 18. Nxd5 Qxh4 19. Rxh4 Bxd5 20. Rhf4 Rad8 21. c3 Re3 22. Bc2 Re2 23. R4f2 Rde8 24. Bb3 Bxb3 25. axb3 f6 26. g3 Kf7 27. Kg2 Re1 28. Rd2 R8e2+ 29. Rf2 Rxd2 30. Rxd2 Ke6 31. Kf2 Rb1 32. Ke3 h5 1/2-1/2

[Event "POL-chT 2nd League"]
[Site "Wysowa"]
[Date "2005.09.02"]
[Round "7.93"]
[White "Szymanski, Andrzej"]
[Black "Chojnacki, Slawomir"]
[Result "0-1"]
[WhiteElo "2217"]
[BlackElo "2208"]
[PlyCount "110"]
[EventDate "2005.08.27"]
[EventType "team-swiss"]
[EventRounds "9"]
[EventCountry "POL"]
[SourceTitle "EXT 2019"]
[Source "ChessBase"]
[SourceDate "2018.10.10"]
[SourceVersion "1"]
[SourceVersionDate "2018.10.10"]
[SourceQuality "1"]
[WhiteTeam "Zielonka Zieloni"]
[BlackTeam "Chroscice LZS Victoria"]
[WhiteTeamCountry "POL"]
[BlackTeamCountry "POL"]

1. e4 c6 2. d4 d5 3. exd5 cxd5 4. Bd3 Nf6 5. h3 g6 6. Nf3 Bf5 7. Bxf5 gxf5 8. Nc3 e6 9. 0-0 Nc6 10. Bf4 Bd6 11. Ne5 a6 12. Ne2 Bxe5 13. Bxe5 Nxe5 14. dxe5 Ne4 15. f3 Nc5 16. Qd4 Nd7 17. Nf4 Rc8 18. Rf2 Rc4 19. Qe3 Qh4 20. Nd3 Rg8 21. Kf1 Qg3 22. Rd2 Ke7 23. Re1 Rh4 24. Qf2 Rxh3 25. Qxg3 Rhxg3 26. Nf4 Rc8 27. c3 Rgg8 28. Rd4 b5 29. a3 Rc4 30. Nd3 Rgc8 31. Rf4 Kf8 32. Kf2 Kg7 33. Kg3 Nf8 34. Rh4 Rxh4 35. Kxh4 Rc4+ 36. Kg3 Ng6 37. Rh1 a5 38. Re1 h5 39. f4 d4 40. Rc1 Ne7 41. cxd4 Rxd4 42. Ne1 Nd5 43. Rc5 Rxf4 44. Rxb5 a4 45. Nd3 h4+ 46. Kh2 Rd4 47. Nc5 Ne3 48. Rb4 Rd1 49. Rxh4 Ng4+ 50. Kh3 Rd5 51. Nxa4 Rd3+ 52. g3 Rd2 53. Rxg4+ fxg4+ 54. Kh4 Kg6 55. Nc5 Kf5 0-1

[Event "POL-chT 2nd League"]
[Site "Wysowa"]
[Date "2005.08.31"]
[Round "5.57"]
[White "Szymanski, Andrzej"]
[Black "Pankiewicz, Tomasz"]
[Result "0-1"]
[WhiteElo "2217"]
[BlackElo "2176"]
[PlyCount "130"]
[EventDate "2005.08.27"]
[EventType "team-swiss"]
[EventRounds "9"]
[EventCountry "POL"]
[SourceTitle "EXT 2019"]
[Source "ChessBase"]
[SourceDate "2018.10.10"]
[SourceVersion "1"]
[SourceVersionDate "2018.10.10"]
[SourceQuality "1"]
[WhiteTeam "Zielonka Zieloni"]
[BlackTeam "Wroclaw AZS Politechnika"]
[WhiteTeamCountry "POL"]
[BlackTeamCountry "POL"]

1. e4 e5 2. Nf3 Nc6 3. Bc4 Bc5 4. c3 Nf6 5. d3 a6 6. 0-0 d6 7. Bb3 Ba7 8. Nbd2 0-0 9. Re1 Ng4 10. Re2 Kh8 11. Nf1 f5 12. exf5 Bxf5 13. h3 Nf6 14. Ng3 Bg6 15. Ng5 Qd7 16. Be6 Qe7 17. Nf5 Qe8 18. Nh4 h6 19. Nxg6+ Qxg6 20. Nf3 Rae8 21. Bb3 e4 22. dxe4 Nxe4 23. Nd4 Ne5 24. Be3 c5 25. Ne6 Rxe6 26. Bxe6 Qxe6 27. Qb3 Qxb3 28. axb3 Nf6 29. Rd1 Bb8 30. Bf4 Ng6 31. Be3 Re8 32. Kf1 Kg8 33. g3 Kf7 34. Ree1 Re7 35. Kg2 Bc7 36. f3 Nd7 37. h4 Nb8 38. Kf2 Nc6 39. Ra1 Nge5 40. Red1 Ke6 41. Bf4 Rf7 42. Ke2 d5 43. h5 d4 44. Rf1 Kd5 45. Rfd1 Rf5 46. Rh1 Bd8 47. Bxe5 Rxe5+ 48. Kd2 Rg5 49. g4 Bc7 50. c4+ Kd6 51. Rh2 Kd7 52. Re2 Bf4+ 53. Ke1 Be3 54. Rd1 Kc7 55. Kf1 Nd8 56. Kg2 Re5 57. Kg3 Ne6 58. Ree1 Kd6 59. Re2 Bf4+ 60. Kf2 Bg3+ 61. Kf1 Nf4 62. Rxe5 Kxe5 63. Ra1 d3 64. Rc1 Kd4 65. Rd1 Ke3 0-1

[Event "Frydek Mistek op-A"]
[Site "Frydek Mistek"]
[Date "1997.??.??"]
[Round "1"]
[White "Chetverik, Maxim"]
[Black "Szymanski, Andrzej"]
[Result "0-1"]
[WhiteElo "2380"]
[BlackElo "2240"]
[PlyCount "36"]
[EventDate "1997.??.??"]
[EventType "swiss"]
[EventRounds "9"]
[EventCountry "CZE"]
[SourceTitle "EXT 1998"]
[Source "ChessBase"]
[SourceDate "1997.11.17"]
[SourceVersion "1"]
[SourceVersionDate "1997.11.17"]
[SourceQuality "1"]

1. d4 e6 2. c4 Nf6 3. Nf3 Bb4+ 4. Bd2 a5 5. g3 0-0 6. Bg2 d6 7. 0-0 Bxd2 8. Qxd2 Qe7 9. Nc3 Nbd7 10. Rac1 e5 11. Rfd1 exd4 12. Nxd4 Nc5 13. Qf4 Re8 14. h3 Bd7 15. g4 Qe5 16. Qxe5 Rxe5 17. f4 Ree8 18. g5 Nfe4 0-1

[Event "Krynica op"]
[Site "Krynica"]
[Date "1995.??.??"]
[Round "9"]
[White "Szymanski, Andrzej"]
[Black "Koc, Przemyslaw"]
[Result "1-0"]
[WhiteElo "2220"]
[BlackElo "2265"]
[PlyCount "85"]
[EventDate "1995.??.??"]
[EventType "swiss"]
[EventRounds "9"]
[EventCountry "POL"]
[SourceTitle "EXT 2004"]
[Source "ChessBase"]
[SourceDate "2003.11.25"]
[SourceVersion "1"]
[SourceVersionDate "2003.11.25"]
[SourceQuality "1"]

1. e4 c5 2. Nf3 Nf6 3. Nc3 d5 4. exd5 Nxd5 5. Nxd5 Qxd5 6. d4 Nc6 7. Be3 cxd4 8. Nxd4 Nxd4 9. Qxd4 Qxd4 10. Bxd4 f6 11. f4 Bf5 12. 0-0-0 Be4 13. Bb5+ Kf7 14. Rd2 e6 15. Re1 f5 16. g4 Be7 17. gxf5 Bxf5 18. Rg1 Rhg8 19. Be5 a6 20. Be2 Rad8 21. Rxd8 Bxd8 22. Rd1 Be4 23. Rd7+ Kg6 24. Bg4 Bd5 25. b3 h5 26. Bh3 Bf6 27. f5+ Kg5 28. Bxf6+ gxf6 29. fxe6 Be4 30. e7 Re8 31. Be6 Kg6 32. c4 f5 33. Bd5 Kf6 34. Bxe4 fxe4 35. Rxb7 Ke5 36. Kd2 Kf4 37. Ke2 e3 38. Rd7 Ke4 39. c5 h4 40. c6 h3 41. c7 Rg8 42. e8Q+ Rxe8 43. Rd8 1-0

[Event "Krynica op"]
[Site "Krynica"]
[Date "1994.??.??"]
[Round "?"]
[White "Szymanski, Andrzej"]
[Black "Sosnowska, Elzbieta"]
[Result "1-0"]
[WhiteElo "2250"]
[BlackElo "2155"]
[PlyCount "123"]
[EventDate "1994.??.??"]
[EventType "swiss"]
[EventRounds "9"]
[EventCountry "POL"]
[SourceTitle "EXT 1998"]
[Source "ChessBase"]
[SourceDate "1997.11.17"]
[SourceVersion "1"]
[SourceVersionDate "1997.11.17"]
[SourceQuality "1"]

1. e4 e5 2. Nf3 Nc6 3. Bb5 Nd4 4. Nxd4 exd4 5. 0-0 Bc5 6. Bc4 d6 7. d3 Ne7 8. f4 0-0 9. f5 d5 10. Bb3 c6 11. Qg4 Kh8 12. Kh1 f6 13. Rf3 g5 14. h4 Ng6 15. hxg5 Ne5 16. Qh5 Nxf3 17. g6 Qe7 18. gxf3 Rg8 19. Bh6 Bd7 20. Nd2 Be8 21. Rg1 Bxg6 22. fxg6 Rxg6 23. Rxg6 hxg6 24. Qxg6 Bd6 25. Nf1 Rg8 26. Qf5 Qf7 27. Nh2 Rg6 28. Bf4 Bxf4 29. Qxf4 Qh7 30. Qf5 Qh6 31. f4 Rg7 32. exd5 Qh4 33. Qe4 f5 34. Qe8+ Kh7 35. dxc6 bxc6 36. Qe5 Qh3 37. Qe2 Kh6 38. Qf3 Qh4 39. Qxc6+ Rg6 40. Qf3 Qe1+ 41. Qf1 Qe3 42. Bd5 Rg3 43. Bg2 Qd2 44. Nf3 Qxf4 45. Qf2 Rg4 46. Qd2 Qe3 47. Qxe3+ dxe3 48. Kg1 Rg3 49. d4 f4 50. d5 Kg7 51. c4 Kf6 52. b4 Rg7 53. c5 a6 54. d6 Ke6 55. Kf1 Rg8 56. Nd4+ Ke5 57. Nc6+ Ke6 58. Bh3+ Kf7 59. d7 f3 60. d8Q e2+ 61. Kf2 Rg1 62. Qe7+ 1-0

[Event "Slupsk"]
[Site "Slupsk"]
[Date "1989.??.??"]
[Round "9"]
[White "Lados, Piotr"]
[Black "Szymanski, Andrzej"]
[Result "0-1"]
[WhiteElo "2240"]
[BlackElo "2295"]
[PlyCount "80"]
[EventDate "1989.??.??"]
[EventType "tourn"]
[EventRounds "11"]
[EventCountry "POL"]
[EventCategory "3"]
[SourceTitle "EXT 1997"]
[Source "ChessBase"]
[SourceDate "1996.11.15"]
[SourceVersion "1"]
[SourceVersionDate "1996.11.15"]
[SourceQuality "1"]

1. Nf3 Nf6 2. b3 c5 3. Bb2 d5 4. e3 Nc6 5. Bb5 Bg4 6. h3 Bh5 7. g4 Bg6 8. Ne5 Qc7 9. Bxc6+ bxc6 10. d3 e6 11. Nd2 Bd6 12. Ndf3 d4 13. exd4 cxd4 14. Bxd4 Nd5 15. Nc4 Bb4+ 16. Kf1 f6 17. a3 Be7 18. Qd2 h5 19. g5 h4 20. gxf6 gxf6 21. Re1 Bf5 22. Ne3 Nxe3+ 23. Rxe3 0-0-0 24. Qc3 Rh6 25. Bc5 Bxc5 26. Qxc5 e5 27. Nd2 Rhh8 28. Rf3 Qd7 29. Nc4 Rh5 30. Na5 e4 31. Rxf5 Rxf5 32. Qxc6+ Qxc6 33. Nxc6 Rd7 34. dxe4 Rf4 35. Nb4 Rd2 36. Nd3 Rxe4 37. Rg1 Rxc2 38. Rg6 Rc3 39. Nb4 Rxb3 40. Rxf6 Rxa3 0-1

[Event "Slupsk"]
[Site "Slupsk"]
[Date "1989.??.??"]
[Round "4"]
[White "Szymanski, Andrzej"]
[Black "Mielczarski, Miroslaw"]
[Result "0-1"]
[WhiteElo "2295"]
[BlackElo "2245"]
[PlyCount "200"]
[EventDate "1989.??.??"]
[EventType "tourn"]
[EventRounds "11"]
[EventCountry "POL"]
[EventCategory "3"]
[SourceTitle "EXT 1997"]
[Source "ChessBase"]
[SourceDate "1996.11.15"]
[SourceVersion "1"]
[SourceVersionDate "1996.11.15"]
[SourceQuality "1"]

1. e4 c5 2. Nf3 d6 3. d4 cxd4 4. Nxd4 Nf6 5. Nc3 Nc6 6. Be3 Ng4 7. Bb5 Nxe3 8. fxe3 Bd7 9. 0-0 Ne5 10. Nf3 Ng6 11. e5 Bxb5 12. Nxb5 a6 13. Nc3 e6 14. exd6 Bxd6 15. Ne4 Be7 16. c4 0-0 17. c5 Qc7 18. Rc1 Rad8 19. Qb3 Rd5 20. Qc4 Ne5 21. Nxe5 Qxe5 22. b4 Rfd8 23. Rce1 f5 24. Ng3 Bg5 25. e4 Rd4 26. Qb3 Rd3 27. Qb1 Be3+ 28. Rxe3 Rxe3 29. exf5 Rd2 30. Kh1 Rxg3 31. hxg3 Qd5 32. Rg1 exf5 33. Qe1 h6 34. a3 Kh7 35. Qe7 f4 36. Qh4 f3 37. g4 fxg2+ 38. Kh2 Qe5+ 39. Qg3 Qxg3+ 40. Kxg3 Ra2 41. Rc1 g1Q+ 42. Rxg1 Rxa3+ 43. Kf4 Rb3 44. Kf5 Rxb4 45. Rc1 Rd4 46. c6 bxc6 47. Rxc6 Rd5+ 48. Ke4 Ra5 49. Rb6 Ra1 50. Kf4 a5 51. Ra6 a4 52. Ke4 a3 53. Kf3 a2 54. Kg2 Kg8 55. Ra7 Kf8 56. Kh2 Ke8 57. Kg2 Kd8 58. Kh2 Kc8 59. Kg2 Kb8 60. Ra5 Kb7 61. Ra4 Kb6 62. Ra8 Kb5 63. Kh2 Kc4 64. Kg2 Kd3 65. Rd8+ Ke3 66. Ra8 Kf4 67. Ra4+ Kg5 68. Kh2 Kh4 69. Kg2 g5 70. Kh2 Rf1 71. Rxa2 Kxg4 72. Kg2 Rf4 73. Ra6 h5 74. Ra5 h4 75. Rb5 Ra4 76. Rc5 Ra2+ 77. Kg1 h3 78. Rc4+ Kg3 79. Rc3+ Kh4 80. Rb3 g4 81. Rb4 Re2 82. Ra4 Kg5 83. Ra8 Kf4 84. Rb8 Re1+ 85. Kh2 Re2+ 86. Kg1 Kf3 87. Rf8+ Kg3 88. Rf1 Rg2+ 89. Kh1 Rf2 90. Ra1 Re2 91. Kg1 Re4 92. Ra3+ Kh4 93. Ra8 Rd4 94. Rb8 Rc4 95. Ra8 Rc1+ 96. Kf2 g3+ 97. Kf3 Rf1+ 98. Ke2 g2 99. Rh8+ Kg3 100. Rg8+ Kh2 0-1

[Event "Slupsk"]
[Site "Slupsk"]
[Date "1989.??.??"]
[Round "6"]
[White "Szymanski, Andrzej"]
[Black "Pisulinski, Jan"]
[Result "0-1"]
[WhiteElo "2295"]
[BlackElo "2400"]
[PlyCount "74"]
[EventDate "1989.??.??"]
[EventType "tourn"]
[EventRounds "11"]
[EventCountry "POL"]
[EventCategory "3"]
[SourceTitle "EXT 1997"]
[Source "ChessBase"]
[SourceDate "1996.11.15"]
[SourceVersion "1"]
[SourceVersionDate "1996.11.15"]
[SourceQuality "1"]

1. e4 c5 2. Nf3 d6 3. d4 cxd4 4. Nxd4 Nf6 5. Nc3 a6 6. Be2 e5 7. Nb3 Be7 8. 0-0 0-0 9. Be3 Be6 10. Qd2 Nbd7 11. Rfd1 Rc8 12. Qe1 h6 13. a4 Ne8 14. f3 f5 15. exf5 Bxf5 16. Bd3 Nb6 17. Qe2 Be6 18. Be4 Qc7 19. a5 Nc4 20. Nd5 Qd7 21. Nc5 dxc5 22. Qxc4 Nd6 23. Qa4 Qd8 24. Nb6 Rc7 25. Bd5 Bf7 26. Nc4 Qb8 27. Nxe5 Bxd5 28. Rxd5 Qc8 29. Rxd6 Bxd6 30. Qc4+ Rcf7 31. Nxf7 Rxf7 32. Rd1 Qc7 33. g3 Bxg3 34. Rd2 Bxh2+ 35. Rxh2 Qg3+ 36. Rg2 Qe1+ 37. Kh2 Qxe3 0-1